Sổ tay sửa chữa máy điện quay
Uloženo v:
| Hlavní autor: | |
|---|---|
| Médium: | Kniha |
| Jazyk: | Undetermined |
| Vydáno: |
Hà Nội
Lao động
1976
|
| Témata: | |
| Tagy: |
Přidat tag
Žádné tagy, Buďte první, kdo otaguje tento záznam!
|
| Thư viện lưu trữ: | Trung tâm Học liệu Trường Đại học Cần Thơ |
|---|
| LEADER | 00547nam a2200169Ia 4500 | ||
|---|---|---|---|
| 001 | CTU_46193 | ||
| 008 | 210402s9999 xx 000 0 und d | ||
| 082 | |a 621.31042 | ||
| 082 | |b D513 | ||
| 100 | |a Đặng Dũng | ||
| 245 | 0 | |a Sổ tay sửa chữa máy điện quay | |
| 245 | 0 | |c Đặng Dũng, Nguyễn Sĩ Tuyên, Đỗ Gia Phan | |
| 260 | |a Hà Nội | ||
| 260 | |b Lao động | ||
| 260 | |c 1976 | ||
| 650 | |a electrical machinery - maintenance and repair | ||
| 980 | |a Trung tâm Học liệu Trường Đại học Cần Thơ | ||